| 000 | 02351nam a2200385 i 4500 | ||
|---|---|---|---|
| 001 | 196131 | ||
| 003 | ES-MaACL | ||
| 005 | 20250806063150.0 | ||
| 008 | 240813s2020 sp | |||| 000 0 spa | ||
| 015 | _aMON20 | ||
| 017 |
_aM 20185-2020 _bOficina Depósito Legal Madrid |
||
| 020 | _a9788417885663 | ||
| 020 |
_z9788417885816 _qE-book |
||
| 035 | _a(SpMaBN)a6747420 | ||
| 040 |
_aSpMaBN _bspa _cSpMaBN _erda _dES-MaACL |
||
| 080 | _a821.134.2-31"20" | ||
| 100 | 1 |
_aCodina Rodríguez, Fernando _eaut _9238631 |
|
| 245 | 1 | 0 |
_aCódigo binario : _bmemorias de un hijo de la luz / _cFernando Codina Rodríguez. |
| 250 | _aPrimera edición: septiembre de 2020 | ||
| 264 | 1 |
_aTres Cantos (Madrid) : _bBohodón Ediciones, _c[2020]. |
|
| 300 |
_a238 páginas ; _c21 cm |
||
| 336 |
_aTexto _2rdacontent |
||
| 337 |
_asin mediación _2rdamedia |
||
| 338 |
_avolumen _2rdacarrier |
||
| 490 | 0 | _aÍndigo | |
| 520 | _aVivir o morir, en el fondo, es una cuestión de azar, y de voluntad.Pero cuando la Naturaleza y el Destino intervienen en la ecuación,todo cambia. Bienvenidos a la Sexta Extinción, de la que tanto hablaban los mayas.Código Binario es una novela de ciencia ficción, narrada en primera persona; el testimonio del último ser humano vivo del planeta. Pero es al mismo tiempo una historia coral, puesto que en estas páginas están plasmados también una serie de testimonios de otros protagonistas,lo que nos permite hacernos una idea del alcance de la destrucción.Todo comenzó en la primavera del año 2034, con la súbita muerte y desaparición de la vida microscópica en los mares y océanos, lo cual tuvo un efecto casi inmediato en el resto de los seres vivos.Con el paso de las semanas, este proceso de extinción también empezó a darse entre los animales terrestres, desde los meros insectos hasta los grandes mamíferos, todas las criaturas del cielo, e incluso el reino vegetal. | ||
| 655 | 0 |
_aNovelas _9234319 |
|
| 852 |
_aES-MaACL _cDEPOJ _jN-10112 _xEncuadernación rústica con solapas _hDonación: Fernando Codina Rodríguez _9206231 |
||
| 903 |
_aCodina Rodríguez, Fernando _ednr _9238631 |
||
| 942 |
_cMONOGRAFIA _n0 |
||
| 999 |
_c196131 _d196131 |
||